Fictional Characters by Description III Quiz Stats

 Plays Quiz Updated Aug 24, 2015

Score 0/25 Timer 06:00
0 Plays Today
% Correct
Hermione Granger
98.4%
Aladdin
96.2%
James Bond
94.5%
Dr. Jekyll
94.5%
Tiny Tim
93.9%
Esmeralda
90.2%
Oliver Twist
90.2%
Robinson Crusoe
89.9%
Count of Monte Cristo
80.7%
Sancho Panza
76.4%
Inspector Lestrade
76.2%
Horatio Hornblower
72.4%
Miss Jane Marple
71.6%
% Correct
Goody Two-Shoes
66.2%
Velvet Brown
65.5%
Madame Defarge
59.8%
Figaro
59.2%
Inspector Jules Maigret
59.1%
Asterix
57.4%
Boris Godunov
56.2%
Bathsheba Everdene
54.5%
Mrs. Grundy
52.4%
The Knight
49.8%
Inspector Bucket
45%
Prince Myshkin
38.6%

You're not logged in!

Compare scores with friends on all Sporcle quizzes.
OR
Log In

Show Comments

Extras

Top Quizzes Today


Score Distribution

Your Account Isn't Verified!

In order to create a playlist on Sporcle, you need to verify the email address you used during registration. Go to your Sporcle Settings to finish the process.

Report this User

Report this user for behavior that violates our Community Guidelines.

Details: